zpět

Detail výsledku týmu

Pod Jasanem, Rokycany

Datum a čas kvízu

17.5 Celkem bodů Celkový počet nahraných bodů na tomto kvízu bez doplňovacích otázek.
6. Pořadí na kvízu Konečné umístění týmu na tomto kvízu.

Zaznamenané odpovědi

# Otázka Odpověď Body Výsledky
1. Nově zvolený poslanec za KDU-Č... kroj 0
2. Jedna z evropských zemí schvál... v Portugalsku 0
3. Ačkoli nedávno prohlásil, že n... Tomáš Klus 0
4. Jistý filmař v roce 1993 spolu... Peter Jackson 0
5. Do nominace české ženské hokej... Karolína Erbanová 0
6. Budeme se zabývat osobnostmi,... Alžběta / Eliška Pomořanská, Zikmund Lucemburský 0
7. Posuneme se do doby přelomu 16... Edward Kelley 1
8. Toto je Tonya Graves, americká... Monkey Business, Obsluhoval jsem anglického krále 0
9. Napíšete-li jméno muže na obrá... Robert Fulghum, Všechno, co opravdu potřebuju znát, jsem se naučil v mateřské školce 0
10. Poslední muž v našem výběru ta... Emanuele Ridi, StarDance …když hvězdy tančí 0